Modern optical engineering: the design of optical systems

Sparad:
Bibliografiska uppgifter
Huvudupphovsman: Smith, Warren J (Författare, medförfattare)
Materialtyp: Bok
Språk:engelska
Publicerad: Nueva York McGraw Hill 2000
Upplaga:3a. ed
Serie:Optical and Electro-Optical Engineering Series
Ämnen:
Taggar: Lägg till en tagg
Inga taggar, Lägg till första taggen!

MARC

LEADER 00000nam a2200000 a 4500
001 UCL7836
003 CL-VaPUC
008 040604e20000000US |||||||||||||||||eng|d
020 |a 0071363602 
082 0 4 |a 621.36  |b SMI  |2 21 
100 0 |a Smith, Warren J  |e author  |9 485745 
245 1 0 |a Modern optical engineering: the design of optical systems 
250 |a 3a. ed 
300 |a 617 p 
942 |c BK 
945 |d 20040604 00:00:00  |a cmena 
260 |a Nueva York  |b McGraw Hill  |c 2000 
500 |a Incluye Cd-Rom 
650 7 |a FOTOMETRIA  |2 CL-VaPUC  |9 266495 
650 0 |a Instrumentos ópticos  |9 314799 
650 7 |a MEDICIONES E INSTRUMENTOS OPTICOS  |2 CL-VaPUC  |9 362522 
650 7 |a MEDICIONES E INSTRUMENTOS TERMICOS  |2 CL-VaPUC  |9 450714 
650 0 |a Optica   |9 263171 
583 |a last modification  |c 20040604 00:00:00  |k Rodrigo Vera 
490 0 |a Optical and Electro-Optical Engineering Series 
999 |c 309395  |d 309393 
952 |0 0  |1 0  |4 0  |6 621_360000000000000_SMI_2000  |7 0  |8 A  |9 376831  |a BIBCUR  |b BIBCUR  |d 2019-11-21  |i 402205K  |o 621.36 SMI 2000  |p 402205K  |r 2025-04-22  |w 2019-11-21  |y BK  |k FIS